000 00577nam a2200253Ia 4500
003 OSt
005 20220912145745.0
006 a|||||r|||| 00| 0
007 ta
008 220909b |||||||| |||| 00| 0 eng d
024 _a75131
037 _cTextual
040 _aCSL
_beng
_cCSL
041 _aeng
082 _aL55:3, K4
100 _aMoir J Chassar
245 0 _aOperatiive obstetrics
250 _a7
260 _c1964
300 _ap.
_ccm.
650 _aMedicine
942 _hL55:3, K4
_cTEXL
_2CC
999 _c37675
_d37675